فر ہنگ ا صطلا حا ت (Record no. 149233)

MARC details
000 -LEADER
fixed length control field 00733nam a22001937a 4500
005 - DATE AND TIME OF LATEST TRANSACTION
control field 20180115154952.0
010 ## - LCCN (DPL NO)
LC control number UR-10023
020 ## - INTERNATIONAL STANDARD BOOK NUMBER
Terms of availability 150.00
International Standard Book Number -
035 ## - SYSTEM CONTROL NUMBER
System control number U-8578
037 ## - SOURCE OF ACQUISITION
Source of stock number/acquisition DBAD/PUB
100 ## - MAIN ENTRY--PERSONAL NAME
Personal name محمد نعما ن علی
245 ## - TITLE STATEMENT
Title فر ہنگ ا صطلا حا ت
Statement of responsibility, etc محمد نعما ن علی
246 ## - VARYING FORM OF TITLE
Remainder of title Farhang-e-Istelahat
Title proper/short title by Mohd. Noman Ali
260 ## - PUBLICATION, DISTRIBUTION, ETC. (IMPRINT)
Place of publication, distribution, etc Haiderabad
Name of publisher, distributor, etc Urdu Translation Academy,
Date of publication, distribution, etc 2017
270 ## - ADDRESS
Address #12-2-790,Ayodhya Nagar Colony,Mehdipatnam,
City Haiderabad
Postal code 504001
Telephone number +919704857188
Fax number -
300 ## - PHYSICAL DESCRIPTION
Extent 152ص
Dimensions 22 Cm.(B.b)
500 ## - GENERAL NOTE
General note دو حصہ
942 ## - ADDED ENTRY ELEMENTS (KOHA)
Source of classification or shelving scheme Dewey Decimal Classification
Item type Urdu Bks
Classification part 500
Call number suffix م ح م
Holdings
Withdrawn status Lost status Not for loan Collection code Home library Current library Date acquired Source of acquisition Cost, normal purchase price Full call number Barcode Copy number Cost, replacement price Koha item type
    Not For Loan Non-fiction D.B.Act.Division D.B.Act.Division 15/01/2018 DBAD/PUB. 150.00 500 م ح م U-8578 1 150.00 Urdu Bks

© Delhi Public Library
Hit Counter
free hit counter